000 00541nam a2200181 a 4500
001 BRCA_2963
005 20190320204040.0
008 171208s1944----mx-a---###---#000-0#spa-#
050 4 _aN910.M41
_b.M87 1944
245 1 0 _aMuseo Nacional de Historia
_bguia sintética.
260 _aMéxico
_bS. E. P., Instituto Nacional de Antropologia
_c1944
300 _a25 p.
_c23 cm.
500 _aB78
610 2 4 _aMuseo Nacional de Historia (Ciudad de México)
_98222
650 1 4 _aGalerias y Museos
_zMéxico
_94513
902 _aGFM
942 _2lcc
_cB
999 _c2702
_d2702